Score 0/30 Timer 04:00
1 Play Today
% Correct
Rocky
95.1%
Rachel Green
93%
Risk
81.2%
Rain Man
77.6%
Rihanna ('Man Down')
74.4%
The Riddler
65.6%
Rolling Stones ('Start Me Up')
62.4%
Richie Rich
57.2%
Ron Swanson
55.8%
Rose Nylund
49.7%
Robin Scherbatskyā€ˇ
48.8%
Randy Marsh
39.3%
Rebecca Howe
36.3%
Radioactive Man
35.5%
Rhoda Morgenstern
33.3%
% Correct
Rogue
30.6%
REM ('Losing My Religion')
30.5%
Rushmore
30.1%
R. Kelly ('Trapped in the Closet')
29.3%
Reality Bites
27.1%
Rounders
27%
Radiohead ('No Surprises')
26.4%
Rummikub
25.1%
Richard Alpert
23.7%
Reggie Mantle
22.6%
Roger Sterling
21.3%
Rampage
20.8%
Resident Evil
20.2%
Rock Band
19.2%
Rupert Giles
13.6%
Remove Ads.
Support Sporcle.
Get the best of Sporcle when you Go Orange. This ad-free experience offers more features, more stats, and more fun while also helping to support Sporcle. Thank you for becoming a member.

You're not logged in!

Compare scores with friends on all Sporcle quizzes.
OR
Log In

Sporcle TV

Today on Sporcle TV


Watch our educational content, quiz creation guides, and fun videos on Sporcle TV.

Show Comments

Extras

Top Quizzes Today


Score Distribution

Paid Content

Your Account Isn't Verified!

In order to create a playlist on Sporcle, you need to verify the email address you used during registration. Go to your Sporcle Settings to finish the process.

Report this User

Report this user for behavior that violates our Community Guidelines.

Details: